| 000 | 00902nam a2200289Ia 4500 | ||
|---|---|---|---|
| 003 | OSt | ||
| 005 | 20221007123652.0 | ||
| 006 | a|||||r|||| 00| 0 | ||
| 007 | ta | ||
| 008 | 221006b |||||||| |||| 00| 0 eng d | ||
| 020 |
_a8173196036 (pbk) _c295.00 |
||
| 024 | _a77590 | ||
| 037 |
_b1891, 28/03/2007, Unilib Book Distributors _cTextbook |
||
| 040 |
_aPAPL _cPAPL _beng |
||
| 041 |
_2eng _aeng |
||
| 082 | _aC21, P5;2-;4 Carpa | ||
| 100 | _aWahab M A | ||
| 245 | 0 | _aSolid state physics:structure and properties of materials | |
| 250 | _a2 | ||
| 260 |
_aNew _bDelhi Narosa Publsihing House _c2005 |
||
| 300 |
_axxiv,596p. _ccm. |
||
| 500 | _aBibliography 588-590p; Index 591-596p | ||
| 650 | _a Solid state | ||
| 650 | _aPhysics | ||
| 942 |
_hC21, P5;2-;4 Carpa _cTB _2CC |
||
| 999 |
_c1212290 _d1212290 |
||